000 00658nam a2200241Ia 4500
003 OSt
005 20221007063924.0
006 a|||||r|||| 00| 0
007 ta
008 221006b |||||||| |||| 00| 0 eng d
020 _cRs. 50/-
024 _a7,934
037 _cTextual
040 _aFLL
_cFLL
_beng
041 _2eng
_aeng
082 _aY1:1:6:Z2, L1
100 _aChatterjee Bishwa B.
245 0 _aImpact of social legislation on social change
260 _aCalcutta
_bThe Minerva Associates India
_c1971
300 _a261p
_ccm.
942 _hY1:1:6:Z2, L1
_cTEXL
_2CC
999 _c1132554
_d1132554